000 00714nam a2200289Ia 4500
001 Z_938
003 CHAP
008 220113s198X xx 000 0 und d
010 _a164014
040 _cCHAP
090 _aFolleto 214
100 _aUpra Tarentaise Chambery, París
_9138077
245 _aA pecuaria francésa a presenta: a Tarentaise /
_cper Upra Tarentaise
260 _aParis :
_bSopexa,
_c198X
300 _a1 hoja desplegable:
_bilus.
440 _a
500 _a
503 _a
650 _aGanado de carne I. t.
_9137500
650 _aGanado vacuno
_xCría de
_945451
901 _aFolleto 214
902 _aA
910 _a198X
942 _cc14
942 _cc14
999 _c164014
_d164014